000
00306nam a2200109Ia 4500
008
160531s9999 xx 000 0 und d
100
_a
Ali, Mahamane.
245
_a
Diversity of Ecosystems
245
_c
by Mahamane Ali
260
_c
2012
856
_u
http://www.intechopen.com/books/diversity-of-ecosystems
999
_c
295106
_d
295106